| 000 | 00597nam a2200217Ia 4500 | ||
|---|---|---|---|
| 008 | 200601s9999 xx 000 0 und d | ||
| 020 | _a978-1-63549-876-9 | ||
| 050 | _aComSc QA 76.7 | ||
| 050 | _b.P76 2018 | ||
| 245 | 0 | _aProgramming languages : | |
| 245 | 4 | _bthe complete guide / | |
| 245 | 0 | _cedited by Bruce Goodwin. | |
| 260 | _aNew York : | ||
| 260 | _bLarsen & Keller, | ||
| 260 | _c2018 | ||
| 300 | _a236 pages : | ||
| 300 | _billustrations (some color) ; | ||
| 300 | _c27 cm. | ||
| 650 | _aProgramming languagaes (Electronic computers). | ||
| 650 | _xLanguages, Artificial. | ||
| 999 |
_c363152 _d363152 |
||